| 000 | 00466nam a2200169 4500 | ||
|---|---|---|---|
| 999 |
_c164484 _d164484 |
||
| 005 | 20190521145930.0 | ||
| 010 | _aENG-125248 | ||
| 020 |
_a9780199466498 _c400.00 |
||
| 035 | _aEN-108780 | ||
| 037 | _bDBAD/PUB | ||
| 082 | _a598.072 | ||
| 100 | _aSpencer, Michael | ||
| 245 |
_aThe accidental birdwatcher / _cMichael Spencer |
||
| 260 | _bBombay Natural History Society, | ||
| 300 |
_avii,167 p. _c22cm(pbk) |
||
| 942 |
_2ddc _cEN _h598.072 _mSPE |
||